000 00930nam a2200241 a 4500
001 BRCA_3729
005 20190320204412.0
008 150909m17801781it-a---###---#000-0#ita-#
041 _aita
044 _ait
050 4 _aF1219
_b.C53 1780
100 1 _aClavijero, Francisco Javier
_d1731-1787
_99702
245 1 0 _aStoria antica del Messico cavata da migliori storici spagnoli, e da manoscritt
_bdivisa in dieci libri, e corredata di carte geografiche, e di varie figure, e dissertazioni sulla terra, fugli animali, e fugli abitaturi del Messico
_cAbate Francesco Saverio Clavijero.
260 _aCesena, Italia
_bGregorio Biasini
_c1780-1781
300 _a4 v.
_bil., mapas
500 _aInicio de la publicación: 1780
500 _aB352
650 1 4 _aIndios de México
_99703
651 4 _aMéxico
_xHistoria
_yHasta 1519
_99704
651 4 _aMéxico
_xHistoria
_yConquista, 1519-1540
_9442
902 _aGFM
942 _2lcc
_cB
999 _c3458
_d3458